000 00852nam a22002777a 4500
001 BR9403263
003 BR-BrBNA
005 20230928094042.0
007 ta
008 230509b bl.||||| |||| 00| 0 por d
040 _aBR-BrBNA
_bpor
_cBiblioteca Nacional de Agricultura
041 _a(Por)
072 _aH20
090 _ H20 BR9403263
110 1 _aFundacao Cargill, Campinas, SP (Brasil)
111 1 _a2. Reuniao Anual sobre Controle Biologico de Doencas de Plantas
_cCampinas, SP (Brazil)
_d14-16 Oct 1987
245 1 _aAnais da 2. Reuniao Anual sobre Controle Biologico de Doencas de Plantas
260 3 _aCampinas, SP (Brasil):
_c1987.
300 _a68 p.
650 _aPatogeno
650 _aMicrorganismo
650 _aControle Biologico
650 _aControle Integrado
909 _a202309
_bLucia
_c55
_dLucia Elande
942 _cBK
999 _c48607
_d48607